| 000 | 005150000a22001810004500 | ||
|---|---|---|---|
| 020 | _a958-14-0023-0 | ||
| 041 | 0 | _aSPA | |
| 082 | 0 | 4 | _aG 378.007 G215c |
| 100 | 1 | _aGarcía, Antonio | |
| 245 | 1 | 0 | _aLa crisis de la universidad : La universidad en el proceso de la sociedad colombiana / Antonio García |
| 260 | _aColombia : Plaza y Janés | ||
| 300 | _a232 Pag | ||
| 001 | 10117 | ||
| 942 | _cBK | ||
| 999 |
_c39841 _d39841 |
||
| 336 |
_atexto _btxt _2rdacontent |
||
| 337 |
_2rdamedia _asin mediación _bn |
||
| 338 |
_2rdacarrier _avolumen _bnc |
||